00403nam a2200157Ia 45000010006000000050017000060080041000230410008000640820016000721000027000882450077001152600009001923000028002016500008002296540008002372033820260306172759.0260306t2016||||xx |||||||||||||| ||spa|| aESP a343.2bE386 aEto Cruz, GerardoeAUT 0aSentencias claves del Tribunal Constitucional:banálisis y comentarios c2016 a222 páginas :c24 cm. aGEN aCDE